|
|
|
|
| LEADER |
01294nam a22002297a 4500 |
| 008 |
130830b xxu||||| |||| 00| 0 eng d |
| 999 |
|
|
|c 28636
|d 28636
|
| 020 |
|
|
|a 9788126418305
|
| 082 |
|
|
|a 894.1301
|b BAS
|
| 100 |
|
|
|a ബഷീര്, വൈക്കം മുഹമ്മദ്
|
| 240 |
|
|
|a Chirikkunna marappava
|
| 245 |
|
|
|a ചിരിക്കുന്ന മരപ്പാവ
|c വൈക്കം മുഹമ്മദ് ബഷീര്
|
| 250 |
|
|
|a 1st ed.
|
| 260 |
|
|
|a കോട്ടയം
|b ഡി.സി. ബുക്സ്,
|c 2019.
|
| 300 |
|
|
|a 120p.
|
| 650 |
|
|
|a Stories
|
| 700 |
|
|
|a Basheer, Vaikom Muhammad
|
| 942 |
|
|
|2 ddc
|c BK
|
| 952 |
|
|
|0 0
|1 0
|2 ddc
|4 0
|6 894_130100000000000_BAS
|7 0
|9 39417
|a MAIN
|b MAIN
|d 2020-03-12
|e Current Books
|g 110.00
|o 894.1301 BAS
|p 37710
|r 2020-03-12
|t 1
|w 2020-03-12
|y BK
|
| 952 |
|
|
|0 0
|1 0
|2 ddc
|4 0
|6 894_130100000000000_BAS
|7 0
|9 39418
|a MAIN
|b MAIN
|d 2020-03-12
|e Current Books
|g 110.00
|o 894.1301 BAS
|p 37711
|r 2020-03-12
|t 2
|w 2020-03-12
|y BK
|
| 952 |
|
|
|0 0
|1 0
|2 ddc
|4 0
|6 894_130100000000000_BAS
|7 0
|9 40735
|a MAIN
|b MAIN
|d 2020-11-12
|e Deshabhimani
|g 110.00
|o 894.1301 BAS
|p 38551
|r 2020-11-12
|t 3
|w 2020-11-12
|y BK
|
| 952 |
|
|
|0 0
|1 0
|2 ddc
|4 0
|6 894_130100000000000_BAS
|7 0
|9 40736
|a MAIN
|b MAIN
|d 2020-11-12
|e Deshabhimani
|g 110.00
|o 894.1301 BAS
|p 38552
|r 2020-11-12
|t 4
|w 2020-11-12
|y BK
|